[Event "Challenge"]
[Site "http://www.queenalice.com/game.php?id=414858"]
[Date "2008.6.8"]
[Round "-"]
[White "VSB"]
[Black "AloizioAndrade"]
[Result "0-1"]
[WhiteElo "1218"]
[BlackElo "1767"]

1. e4 e5 2. d4 exd4 3. Qxd4 Nc6 4. Qd2 Nf6 5. Nc3 Bb4 6. Qg5 Bxc3+ 7. bxc3 O-O
8. Qg3 Re8 9. Bh6 g6 10. Qh3 Rxe4+ 11. Be2 d6 12. Qf3 Bg4 13. Qd3 Bxe2 14. Nxe2
Qe7 15. O-O-O Rxe2 16. Bg5 Rxf2 17. Rde1 Ne5 18. Qe3 Rxg2 19. Bf4 Nd5 20. Qe4
Nxf4 21. Qxf4 Rg5 22. Rhf1 Rf5 23. Qe4 Rxf1 24. Rxf1 c6 25. Qf4 Qe6 26. h4 h5
27. a4 Rf8 28. c4 Nxc4 29. a5 Nxa5 30. Qg3 Re8 31. c3 Nb3+ 32. Kc2 Qe2+ 33. Kxb3
Qxf1 34. Qxd6 Qb5+ 0-1

[Event "AUTO-OPEN-1136"]
[Site "http://www.queenalice.com/game.php?id=521822"]
[Date "2009.1.13"]
[Round "2"]
[White "Marchess"]
[Black "AloizioAndrade"]
[Result "1-0"]
[WhiteElo "1999"]
[BlackElo "1741"]

1. e4 e5 2. Nf3 Nc6 3. Bb5 Nf6 4. Bxc6 dxc6 5. Nxe5 Qe7 6. d4 Nxe4 7. O-O f6 8.
Qh5+ Kd8 9. Nf7+ Kd7 10. Nxh8 g6 11. Nxg6 hxg6 12. Qxg6 Kd8 13. Bf4 f5 14. f3
Nf6 15. Nd2 Nd5 16. Bg5 Qxg5 17. Qxg5+ Be7 18. Qg8+ Kd7 19. Rae1 Kd6 20. c4 1-0

[Event "AUTO-OPEN-1136"]
[Site "http://www.queenalice.com/game.php?id=521823"]
[Date "2009.1.13"]
[Round "2"]
[White "AloizioAndrade"]
[Black "Marchess"]
[Result "0-1"]
[WhiteElo "1735"]
[BlackElo "2005"]

1. e4 c6 2. Nf3 d5 3. exd5 cxd5 4. Bb5+ Bd7 5. Bxd7+ Nxd7 6. Nc3 Ngf6 7. d4 e6
8. Bg5 Be7 9. Qd2 h6 10. Bh4 Qc7 11. Bg3 Bd6 12. Bxd6 Qxd6 13. O-O O-O 14. Rfe1
Nb6 15. b3 a6 16. a4 Rac8 17. Ne5 Qb4 18. Re2 Qxc3 19. Qxc3 Rxc3 20. a5 Nbd7 21.
Nf3 Rfc8 0-1

[Event "Challenge"]
[Site "http://www.queenalice.com/game.php?id=686633"]
[Date "2009.11.21"]
[Round "-"]
[White "AloizioAndrade"]
[Black "pmq"]
[Result "0-1"]
[WhiteElo "1732"]
[BlackElo "1670"]

1. e4 e5 2. Nf3 Nc6 3. Bc4 Nf6 4. Nc3 Bb4 5. a3 Bxc3 6. dxc3 Nxe4 7. Qe2 f5 8.
Bg5 Nxg5 9. Nxe5 Nxe5 10. Qxe5+ Qe7 11. Qxe7+ Kxe7 12. O-O c6 13. Rfe1+ Kf6 14.
Bd3 b5 15. Re2 a5 16. Rae1 g6 17. h3 h5 18. c4 bxc4 19. Bxc4 a4 20. Kh2 h4 21.
f4 Ne4 22. Bd3 Ba6 23. Re3 Bxd3 24. Rxd3 d5 25. b3 axb3 26. Rxb3 Rhe8 27. Ra1 g5
28. fxg5+ Kxg5 29. a4 f4 30. a5 Nd2 31. Rc3 Rac8 32. a6 Re2 33. a7 Ne4 34. Rd3
Ra8 35. Rb3 Ng3 36. Rb8 f3 37. Rg1 Rxa7 38. Rg8+ Kh5 39. Rh8+ Kg5 40. Rg8+ Kf4
41. Rg4+ Kf5 42. Rxh4 Rg7 43. c4 fxg2 44. Rxg2 Nf1+ 45. Kg1 Rexg2+ 46. Kxf1 Ke5
47. Rh5+ Kd6 48. cxd5 cxd5 49. Rh6+ Kc5 50. Rf6 Rh2 51. Rh6 d4 52. h4 d3 53.
Rh5+ Kc4 54. Rg5 Rf7+ 55. Kg1 Rxh4 56. Rg6 d2 57. Rc6+ Kd5 0-1

[Event "Challenge"]
[Site "http://www.queenalice.com/game.php?id=687404"]
[Date "2009.11.22"]
[Round "-"]
[White "AloizioAndrade"]
[Black "sermino50"]
[Result "1-0"]
[WhiteElo "1730"]
[BlackElo "1328"]

1. e4 e6 2. Nf3 Qf6 3. Bc4 b6 4. d3 Nc6 5. Nc3 d5 6. Bg5 Qg6 7. Bb5 Bd7 8. O-O
Bc5 9. exd5 a6 10. Bxc6 exd5 11. Bxd7+ Kxd7 12. Ne5+ Ke6 13. Nxg6 Kf5 14. Nxh8
Kxg5 15. Nxf7+ Kf6 16. Qf3+ Ke6 17. Qxd5+ Ke7 18. Rfe1+ Kf8 19. Qxa8+ Kxf7 20.
Qe8+ 1-0

[Event "Challenge"]
[Site "http://www.queenalice.com/game.php?id=703688"]
[Date "2009.12.26"]
[Round "-"]
[White "AloizioAndrade"]
[Black "thedead"]
[Result "1-0"]
[WhiteElo "1751"]
[BlackElo "1272"]

1. e4 e5 2. Nf3 Nc6 3. Bb5 a6 4. Bxc6 dxc6 5. Nxe5 Qd4 6. Nf3 Qxe4+ 7. Qe2 Qxe2+
8. Kxe2 Bf5 9. d3 O-O-O 10. Re1 Nf6 11. h3 Bc5 12. Kf1 h6 13. Ne5 Be6 14. Nc3
Bd4 15. Bd2 Rhe8 16. Nf3 1-0

[Event "Challenge"]
[Site "http://www.queenalice.com/game.php?id=720502"]
[Date "2010.1.26"]
[Round "-"]
[White "AloizioAndrade"]
[Black "robertson"]
[Result "0-1"]
[WhiteElo "1753"]
[BlackElo "1626"]

1. e4 e5 2. Nf3 Bd6 3. Bc4 h6 4. Nc3 c6 5. d4 f6 6. Bxg8 Rxg8 7. d5 c5 8. Nb5
Be7 9. d6 Qa5+ 10. c3 Qxb5 11. dxe7 Kxe7 12. a4 Qc4 13. Qc2 b6 14. b3 Qa6 15. c4
Nc6 16. Bd2 d6 0-1

[Event "Challenge"]
[Site "http://www.queenalice.com/game.php?id=720503"]
[Date "2010.1.26"]
[Round "-"]
[White "AloizioAndrade"]
[Black "vulture"]
[Result "1-0"]
[WhiteElo "1714"]
[BlackElo "1623"]

1. e4 e5 2. Nf3 Nc6 3. Bc4 Bc5 4. d3 Nf6 5. Ng5 O-O 6. Qf3 Nd4 7. Qd1 c6 8. c3
Ne6 9. Nxe6 dxe6 10. Bg5 a5 11. Qf3 Be7 12. Be3 b5 13. Bxb5 cxb5 14. Bd2 Bb7 15.
Qg3 Nh5 16. Qf3 g6 17. O-O f5 18. Qe2 Bh4 19. g3 Be7 20. Bh6 Rf7 21. Rd1 f4 22.
g4 f3 23. Qf1 Nf6 24. Qh3 Nd7 25. Nd2 Nc5 26. Nxf3 Nxd3 27. Nxe5 Bxe4 28. Nxf7
Kxf7 29. Qe3 1-0

[Event "Challenge"]
[Site "http://www.queenalice.com/game.php?id=720504"]
[Date "2010.1.26"]
[Round "-"]
[White "AloizioAndrade"]
[Black "JackieR"]
[Result "0-1"]
[WhiteElo "1726"]
[BlackElo "1542"]

1. e4 e5 2. Nf3 Nc6 3. Nc3 Bc5 4. Bb5 Nge7 5. d3 d6 6. Bg5 f6 7. Bh4 Ng6 8. Bg3
Bd7 9. a3 Nd4 10. Bxd7+ Qxd7 11. Nxd4 Bxd4 12. Rb1 c6 13. Ne2 Bc5 14. b4 Bb6 15.
O-O O-O-O 16. Nc3 h5 17. Na4 Bd4 18. c3 Bb6 19. Nxb6+ axb6 20. Qd2 h4 21. Qe3
hxg3 22. Qxg3 Rh6 23. Qe3 Kc7 24. Rfd1 d5 25. exd5 Qxd5 26. c4 Qd7 27. Qg3 Qf7
28. Rbc1 Qd7 29. d4 Kc8 30. Qe3 Rh4 31. d5 Qc7 32. g3 Rh6 33. h4 c5 34. b5 Qd7
35. Qf3 Re8 36. Re1 Qh3 37. Qh1 Qxh1+ 38. Kxh1 e4 39. f3 f5 40. Rcd1 Kd8 41. d6
exf3 42. Rxe8+ Kxe8 43. Rd3 Kd7 44. Rd5 f4 45. h5 fxg3 46. Kg1 Nf4 47. Rg5 Nh3+
48. Kf1 Nxg5 49. a4 Rxh5 50. Ke1 Rh1+ 51. Kd2 f2 0-1

[Event "Challenge"]
[Site "http://www.queenalice.com/game.php?id=773980"]
[Date "2010.5.11"]
[Round "-"]
[White "AloizioAndrade"]
[Black "JackieR"]
[Result "0-1"]
[WhiteElo "1726"]
[BlackElo "1617"]

1. e4 e5 2. Nf3 Nc6 3. Bc4 h6 4. Nc3 Bc5 5. Bd5 Nf6 6. Bxc6 dxc6 7. Nxe5 Qd4 8.
O-O Qxe5 9. d3 Ng4 10. g3 g5 11. Ne2 Qf6 12. Kh1 Qf3+ 13. Kg1 Bxf2+ 14. Rxf2
Qxf2+ 15. Kh1 Qxh2# 0-1

[Event "Challenge"]
[Site "http://www.queenalice.com/game.php?id=909121"]
[Date "2011.3.6"]
[Round "-"]
[White "AloizioAndrade"]
[Black "kisarsk"]
[Result "1-0"]
[WhiteElo "1709"]
[BlackElo "1638"]

1. e4 d5 2. exd5 Qxd5 3. Nc3 Qe5+ 4. Be2 h6 5. Nf3 Qe6 6. O-O g5 7. Re1 Qg6 8.
Bd3 Bf5 9. Bxf5 Qxf5 10. Nd4 Qf6 11. Qg4 Na6 12. Nd5 Qd6 13. Qf3 O-O-O 14. c4 c6
15. Nf5 Qc5 16. Nde3 Nf6 17. b3 Nb4 18. Ba3 Qa5 19. Bxb4 Qxb4 20. Nf1 e6 21.
N5e3 Be7 22. Nc2 Qa5 23. b4 Qc7 24. Qe3 b6 25. a3 Ng4 26. Qf3 h5 27. Qxf7 Rhf8
28. Qxh5 Rh8 29. Qxg4 Bd6 30. Qxe6+ Kb7 31. g3 Qh7 32. Rac1 Rhe8 33. Qg4 Rg8 34.
Nce3 Qh6 35. Nf5 Qf6 36. Nxd6+ Qxd6 37. c5 Qd7 38. Qxd7+ Rxd7 39. Re2 g4 40.
cxb6 Kxb6 41. a4 a6 42. Rc5 Rd4 43. a5+ Kc7 44. Re7+ Kd6 45. Rb7 Rxb4 46. Rxb4
Kxc5 47. Rb6 Ra8 48. Ne3 Kd6 49. Nxg4 Ra7 50. Ne3 Kc5 51. Kg2 Kd6 52. Nc4+ Kd5
53. d3 Kc5 54. h4 Kd5 55. f4 c5 56. Rd6# 1-0

[Event "Challenge"]
[Site "http://www.queenalice.com/game.php?id=909131"]
[Date "2011.3.6"]
[Round "-"]
[White "AloizioAndrade"]
[Black "vautrien"]
[Result "1/2-1/2"]
[WhiteElo "1706"]
[BlackElo "1786"]

1. e4 e6 2. Nf3 d5 3. e5 a6 4. Nc3 c5 5. d4 cxd4 6. Qxd4 Nc6 7. Qg4 Nge7 8. b3
Ng6 9. Bg5 Be7 10. Bxe7 Qxe7 11. Qg3 O-O 12. Bd3 h6 13. Bxg6 fxg6 14. Qxg6 b5
15. a3 d4 16. Ne2 Bb7 17. Nfxd4 Nxd4 18. Nxd4 Qf7 19. Qxf7+ Kxf7 20. O-O Rac8
21. h3 Rfd8 22. Rfd1 Rd5 23. f4 g5 24. g3 gxf4 25. gxf4 Rg8+ 26. Kh2 Rxd4 27.
Rxd4 Rg2+ 28. Kh1 Rg3+ 29. Kh2 Rg2+ 30. Kh1 Rg3+ 31. Kh2 Rg2+ 32. Kh1 1/2-1/2

[Event "Challenge"]
[Site "http://www.queenalice.com/game.php?id=925361"]
[Date "2011.4.13"]
[Round "-"]
[White "AloizioAndrade"]
[Black "ensito"]
[Result "1-0"]
[WhiteElo "1738"]
[BlackElo "1821"]

1. e4 e5 2. Nf3 d6 3. Bc4 Be7 4. Nc3 c6 5. d4 exd4 6. Qxd4 f6 7. Bxg8 Rxg8 8.
Qc4 Rf8 9. O-O Bd7 10. Bf4 b5 11. Qd3 b4 12. Na4 c5 13. b3 Bxa4 14. bxa4 a6 15.
c3 Nc6 16. Qd5 Rc8 17. cxb4 Nxb4 18. Qh5+ g6 19. Qxh7 g5 20. Qg6+ Kd7 21. Rfd1
gxf4 22. Qf5+ Kc7 23. Qxf4 Rh8 24. Nd2 Nd3 25. Qe3 Nb2 26. Rdb1 Nxa4 27. Qb3 Qd7
28. Qb7+ Kd8 29. Qxa6 Ke8 30. Nc4 Bd8 31. Nxd6+ Qxd6 32. Qxd6 Be7 33. Qa6 Kf7
34. Qxa4 Kg7 35. Qd7 Rce8 36. Rb7 Kf7 37. Rc1 Rh7 38. Rxc5 Kf8 39. Rc8 Rxc8 40.
Qxc8+ Kf7 41. Qc4+ Ke8 42. Qg8+ 1-0

[Event "Challenge"]
[Site "http://www.queenalice.com/game.php?id=925364"]
[Date "2011.4.13"]
[Round "-"]
[White "AloizioAndrade"]
[Black "Scaracioli"]
[Result "1-0"]
[WhiteElo "1722"]
[BlackElo "1719"]

1. e4 e5 2. Nf3 d6 3. Bc4 Bg4 4. h3 Bxf3 5. Qxf3 Nf6 6. d3 a6 7. Bg5 Be7 8. Nc3
c6 9. Rd1 b5 10. Bb3 a5 11. a4 b4 12. Ne2 h6 13. Bh4 g5 14. Bg3 c5 15. h4 Kd7
16. Bxf7 Na6 17. Qf5+ Kc7 18. Bd5 Rb8 19. Bc4 Rb6 20. Bxa6 Rxa6 21. hxg5 hxg5
22. Bh2 Qg8 23. O-O Ra8 24. c3 Qg7 25. cxb4 Qh6 26. f3 Qxh2+ 27. Kf2 Qh6 28.
bxc5 Ra6 29. cxd6+ Rxd6 30. Qxe5 Rh7 31. Qxa5+ Kd7 32. Ng3 Qf8 33. Nf5 Rc6 34.
Nxe7 Rxe7 35. Qxg5 Nh7 36. Qb5 Re6 37. Rc1 Qc8 38. Qd5+ Ke7 39. Rxc6 Rxc6 40.
Qe5+ Qe6 41. Qg7+ Qf7 42. Qxf7+ Kxf7 43. Rb1 Rc2+ 44. Kg3 Ke6 45. d4 Nf6 46. d5+
Ke5 47. b4 Nd7 48. a5 Nb8 49. b5 Rc5 50. a6 Rc7 51. b6 Rg7+ 52. Kf2 Nxa6 53. g4
Nc5 54. Ke3 Rb7 55. f4+ Kd6 56. Rb5 Nd7 57. e5+ Ke7 58. d6+ Kd8 59. e6 Nxb6 60.
Kd4 Kc8 61. Rc5+ Kd8 62. e7+ Kd7 63. Re5 Rb8 64. Kc5 Ke8 65. Kc6 Nd7 66. Rh5
Rb6+ 67. Kc7 Rb4 68. Rh8+ Nf8 69. Rxf8# 1-0

[Event "Challenge"]
[Site "http://www.queenalice.com/game.php?id=943377"]
[Date "2011.5.28"]
[Round "-"]
[White "MLGF"]
[Black "AloizioAndrade"]
[Result "1-0"]
[WhiteElo "1449"]
[BlackElo "1757"]

1. e4 e5 2. Nf3 Nc6 3. Bc4 h6 4. Nc3 Nf6 5. d3 Bb4 6. Bd2 Bc5 7. O-O O-O 8. h3
d6 9. a3 a6 10. a4 Nb4 11. Na2 Nxa2 12. Rxa2 Bd7 13. b4 Ba7 14. Rb2 Bxa4 15. b5
Bxb5 16. Bxb5 axb5 17. Rxb5 b6 18. Nh4 Nd7 19. Qg4 Kh7 20. f4 c6 21. Rb3 Nc5 22.
Rc3 b5 23. Kh1 Qe8 24. f5 b4 25. Rc4 Rb8 26. Bxb4 Nb7 27. f6 g6 28. Nf5 gxf5 29.
Qg7# 1-0

[Event "Challenge"]
[Site "http://www.queenalice.com/game.php?id=1447809"]
[Date "2016.11.3"]
[Round "-"]
[White "AloizioAndrade"]
[Black "marilena"]
[Result "0-1"]
[WhiteElo "1703"]
[BlackElo "1505"]

1. e4 d6 2. Nf3 e5 3. Bc4 f6 4. O-O a5 5. Nc3 Bg4 6. h3 Bh5 7. Bxg8 Rxg8 8. d4
c6 9. Qd3 Bxf3 10. Qxf3 exd4 0-1